Pre-departure orientation handbook for foreign students and scholars planning to study in the United States /

Na minha lista:
Detalhes bibliográficos
Outros Autores: Ernst Margo
Formato: Livro
Publicado em: Washington D.C. : Bureau of Education and Cultural Affrairs 1984.
Assuntos:
Tags: Adicionar Tag
Sem tags, seja o primeiro a adicionar uma tag!

MARC

LEADER 00000nam a2200000 4500
020 |a NA  |c TZS 105/= 
022 |a NA 
040 |a MUL  |c AACR 
082 |a 371.302812097  
245 |a Pre-departure orientation handbook for foreign students and scholars planning to study in the United States /   |c edited by Margo Ernst 
260 |a Washington D.C. :  |b Bureau of Education and Cultural Affrairs   |c 1984. 
300 |a 139 p. :  |b ill. ;  |c ill. ;  
650 |a studying abroad  |z USA 
700 |a Ernst Margo 
942 |c CC 
999 |c 5818  |d 5818